[Event "Sveins 6. Minneturnering"]
[Site "Oslo"]
[Date "2013.06.21"]
[Round "6"]
[White "Sætre, Mathias"]
[Black "Olsen, Ulrik"]
[Result "1-0"]
[WhiteElo "1798"]
[BlackElo "1733"]
[PlyCount "61"]
[EventDate "2013.??.??"]

1. e4 c5 2. Nc3 Nc6 3. g3 e6 4. Bg2 d6 5. d3 Nf6 6. h3 Be7 7. f4 Qc7 8. Nf3 a6
9. O-O Nd7 10. g4 b5 11. Qe1 Bb7 12. Qg3 O-O-O 13. Bd2 Nb6 14. Rae1 d5 15. e5
c4 16. d4 b4 17. Nd1 a5 18. f5 h6 19. h4 Rdf8 20. Bh3 Kb8 21. h5 Bc8 22. Bf4
Qd8 23. f6 gxf6 24. exf6+ Kb7 25. fxe7 Qxe7 26. Bd6 Qd7 27. Bxf8 Rxf8 28. Ne5
Nxe5 29. Qxe5 f5 30. gxf5 exf5 31. Qe7
1-0

[Event "Sveins 6. Minneturnering"]
[Site "Oslo"]
[Date "2013.06.21"]
[Round "6"]
[White "Bue, Gunnar"]
[Black "Ellingsrud, Bjørn"]
[Result "1-0"]
[WhiteElo "1683"]
[BlackElo "1629"]
[PlyCount "45"]
[EventDate "2013.??.??"]

1. d4 d5 2. c4 dxc4 3. e3 e6 4. Bxc4 c5 5. Nf3 cxd4 6. exd4 Bb4+ 7. Bd2 Bxd2+
8. Qxd2 Nf6 9. O-O O-O 10. Nc3 Nc6 11. Rfd1 Qc7 12. Rac1 Rd8 13. Qe2 Qa5 14.
Bb5 Ne7 15. Ne5 a6 16. Ba4 b5 17. Bb3 Bb7 18. Nxf7 Rf8 19. Qxe6 Ned5 20. Bxd5
Nxd5 21. Nh6+ Kh8 22. Qg8+ Rxg8 23. Nf7#
1-0

[Event "Sveins 6. Minneturnering"]
[Site "Oslo"]
[Date "2013.06.21"]
[Round "7"]
[White "Hebden, Mark L"]
[Black "Hoi, Carsten"]
[Result "1-0"]
[WhiteElo "2548"]
[BlackElo "2392"]
[PlyCount "179"]
[EventDate "2013.??.??"]

1. d4 Nf6 2. Nf3 d6 3. Nc3 Bg4 4. e4 Nc6 5. d5 Nb8 6. Be2 Nbd7 7. Ng5 Bxe2 8.
Qxe2 h6 9. Nh3 c6 10. dxc6 bxc6 11. f4 Qc7 12. Nf2 e6 13. O-O Be7 14. b3 g5 15.
Nd3 gxf4 16. Bxf4 Qa5 17. Na4 Qh5 18. Rae1 Qxe2 19. Rxe2 Ng4 20. c4 f6 21. c5
Nge5 22. Bxe5 dxe5 23. Rc2 O-O-O 24. Rc4 Nb8 25. Nab2 Na6 26. Rfc1 Rd7 27. Kf1
Rg8 28. R1c2 Rgd8 29. Ke2 Rg8 30. g3 h5 31. Ra4 Kb7 32. Nc4 Rxd3 33. Na5+ Kc7
34. Nxc6 Kxc6 35. Rxa6+ Kb5 36. Rxa7 Bxc5 37. Rb7+ Kc6 38. Kxd3 Kxb7 39. Rxc5
h4 40. gxh4 Rh8 41. Rc2 Rxh4 42. Rf2 Kc6 43. Rxf6 Kc5 44. Rxe6 Rh3+ 45. Kc2
Rxh2+ 46. Kc3 Rh3+ 47. Kb2 Kd4 48. a4 Kxe4 49. a5 Kd5 50. Re8 e4 51. Ka3 e3 52.
Kb4 Rh4+ 53. Kc3 Rh3 54. a6 e2+ 55. Kd2 Rh7 56. b4 Kc4 57. Rb8 Re7 58. Ke1 Kd3
59. b5 Rh7 60. Rd8+ Ke3 61. Re8+ Kd3 62. b6 Rh1+ 63. Kf2 Rf1+ 64. Kg3 Rg1+ 65.
Kf2 Rf1+ 66. Kg2 e1=Q 67. Rxe1 Rxe1 68. a7 Ra1 69. b7 Rxa7 70. b8=Q Rg7+ 71.
Kf3 Rf7+ 72. Kg4 Rg7+ 73. Kf5 Rf7+ 74. Ke5 Re7+ 75. Kd5 Re3 76. Qb2 Rf3 77.
Qd4+ Ke2 78. Ke4 Rg3 79. Qb2+ Kf1 80. Kf4 Rg2 81. Qb5+ Kg1 82. Qd5 Kh2 83. Kf3
Kg1 84. Qd4+ Kh2 85. Qh8+ Kg1 86. Qh4 Ra2 87. Qg5+ Kh1 88. Qh6+ Kg1 89. Qg6+
Kh2 90. Qh7+ 1-0

[Event "Sveins 6. Minneturnering"]
[Site "Oslo"]
[Date "2013.06.21"]
[Round "7"]
[White "Tari, Aryan"]
[Black "Hillarp, Tiger"]
[Result "1/2-1/2"]
[WhiteElo "2354"]
[BlackElo "2517"]
[PlyCount "73"]
[EventDate "2013.??.??"]

1. e4 g6 2. d4 Bg7 3. Nc3 d6 4. f4 a6 5. Nf3 b5 6. e5 Nd7 7. Bd3 c5 8. Be4 Rb8
9. O-O Nh6 10. exd6 O-O 11. dxe7 Qxe7 12. Ne5 cxd4 13. Nd5 Qd6 14. Bd2 Nxe5 15.
Bb4 Qe6 16. Bxf8 Bxf8 17. fxe5 Qxe5 18. Qd2 Ng4 19. Qf4 Qxf4 20. Nxf4 Bc5 21.
Nd3 Bd6 22. g3 Ne3 23. Rf2 Be6 24. Nf4 Bg4 25. h3 Bxf4 26. Rxf4 Bxh3 27. Bd3
Rd8 28. a4 Be6 29. axb5 axb5 30. Ra5 Bc4 31. b3 Bxd3 32. cxd3 Rd5 33. Ra8+ Kg7
34. Ra7 Nf5 35. g4 Nh6 36. Kg2 g5 37. Re4
1/2-1/2

[Event "Sveins 6. Minneturnering"]
[Site "Oslo"]
[Date "2013.06.21"]
[Round "7"]
[White "Danielsen, Henrik"]
[Black "Østmoe, Geir Sune Tallaksen"]
[Result "1/2-1/2"]
[WhiteElo "2508"]
[BlackElo "2444"]
[PlyCount "174"]
[EventDate "2013.??.??"]

1. Nf3 Nf6 2. g3 d5 3. Bg2 c6 4. O-O Bf5 5. c4 e6 6. cxd5 exd5 7. d3 Bc5 8. Nc3
O-O 9. Qb3 Qc8 10. Bg5 Nbd7 11. Nh4 Bg4 12. e4 dxe4 13. dxe4 Re8 14. h3 Be6 15.
Qc2 Qc7 16. Kh2 h6 17. Bf4 Qa5 18. Bd2 Qa6 19. f4 Rad8 20. b3 Nf8 21. Rf3 Bb4
22. e5 Rxd2 23. Qxd2 Ne4 24. Qc2 Nxc3 25. Rxc3 Bxc3 26. Qxc3 Rd8 27. f5 Bd5 28.
Qe3 Qa5 29. Rd1 Qxa2 30. e6 fxe6 31. fxe6 Bxg2 32. Rxd8 Bd5+ 33. Kg1 Qa1+ 34.
Kf2 Qf6+ 35. Kg1 Qxd8 36. e7 Qe8 37. Nf5 Be6 38. exf8=Q+ Kxf8 39. Qxa7 Bxf5 40.
Qc5+ Kg8 41. Qxf5 Qe3+ 42. Kg2 Qd2+ 43. Kg1 Qc1+ 44. Kg2 Qb2+ 45. Kg1 Qxb3 46.
Qc8+ Kh7 47. Qf5+ g6 48. Qd7+ Kg8 49. Qd8+ Kf7 50. Qd7+ Kf6 51. Qd4+ Ke6 52.
Qg4+ Kd5 53. Qxg6 Qe3+ 54. Kh2 b5 55. Qf5+ Kd6 56. h4 Qe2+ 57. Kg1 h5 58. Qf8+
Kd5 59. Qf7+ Kd4 60. Qf6+ Kc5 61. Qf8+ Kc4 62. Qf4+ Kb3 63. g4 hxg4 64. h5 Qe6
65. h6 Qg6 66. Qe3+ Kc4 67. Qc1+ Kd5 68. Qd2+ Ke6 69. Qf4 g3 70. Kg2 Qf6 71.
Qg4+ Kf7 72. Qh5+ Qg6 73. Qf3+ Kg8 74. Qe3 Qf6 75. Qe4 Qf2+ 76. Kh3 Qh2+ 77.
Kg4 Qxh6 78. Kxg3 Qd6+ 79. Kf2 b4 80. Ke2 c5 81. Qf5 Kg7 82. Ke1 Qd4 83. Ke2
Qb2+ 84. Kd1 Qb3+ 85. Kc1 Qc3+ 86. Kb1 b3 87. Qg6+ Kxg6 1/2-1/2

[Event "Sveins 6. Minneturnering"]
[Site "Oslo"]
[Date "2013.06.21"]
[Round "7"]
[White "Bekker-Jensen, Simon"]
[Black "Hauge, Lars Oskar"]
[Result "1-0"]
[WhiteElo "2419"]
[BlackElo "2191"]
[PlyCount "113"]
[EventDate "2013.??.??"]

1. d4 Nf6 2. c4 c5 3. d5 b5 4. cxb5 a6 5. bxa6 g6 6. Nc3 Bxa6 7. e4 Bxf1 8.
Kxf1 d6 9. Nf3 Bg7 10. g3 O-O 11. Kg2 Nbd7 12. Re1 Qb6 13. h3 Rfb8 14. Re2 Ne8
15. Bf4 Nc7 16. Rc1 Nb5 17. Nxb5 Qxb5 18. b3 Rb7 19. Rcc2 Rba7 20. e5 dxe5 21.
Nxe5 Nxe5 22. Bxe5 Rd7 23. Bxg7 Kxg7 24. Qa1+ Kg8 25. Qe5 Rc8 26. Red2 Rcd8 27.
h4 h5 28. Kg1 Qb6 29. Qg5 Kg7 30. Kh2 Qa7 31. Rc3 f6 32. Qe3 Rxd5 33. Rxd5 Rxd5
34. a4 Re5 35. Qd2 Qb6 36. Re3 Rxe3 37. Qxe3 Kf7 38. Qd3 f5 39. Qc3 e6 40. Kg1
Ke7 41. Kf1 Kd6 42. f4 Qc6 43. Ke2 Qg2+ 44. Kd1 Qe4 45. Kc1 Kc6 46. Kb2 Qe2+
47. Ka3 Kb6 48. Qe5 Qd1 49. Qb8+ Kc6 50. Qb5+ Kd6 51. Qb6+ Kd7 52. Qxc5 Qa1+
53. Kb4 Qe1+ 54. Qc3 Qxc3+ 55. Kxc3 e5 56. fxe5 g5 57. Kd4 1-0

[Event "Sveins 6. Minneturnering"]
[Site "Oslo"]
[Date "2013.06.21"]
[Round "7"]
[White "Fernandez Siles, Luis"]
[Black "Ziska, Helgi Dam"]
[Result "0-1"]
[WhiteElo "2285"]
[BlackElo "2474"]
[PlyCount "70"]
[EventDate "2013.??.??"]

1. d4 Nf6 2. c4 g6 3. Nc3 Bg7 4. e4 d6 5. Nf3 O-O 6. Be2 e5 7. O-O Na6 8. Be3
Qe7 9. d5 Ng4 10. Bg5 f6 11. Bh4 h5 12. Ne1 c5 13. a3 b6 14. Rb1 g5 15. Bg3 f5
16. exf5 Bxf5 17. Bxg4 Bxg4 18. f3 Bf5 19. Ne4 g4 20. Nc2 Bh6 21. Qe1 Qh7 22.
Bh4 Qg6 23. Kh1 Bf4 24. Qe2 Rf7 25. Ne1 Raf8 26. Nd3 Bh6 27. Ndf2 Nc7 28. Rbd1
Ne8 29. Rde1 Ng7 30. Ng3 Bf4 31. Nxf5 Nxf5 32. fxg4 Nxh4 33. g3 Nf3 34. gxf4
Nxe1 35. f5 Rxf5
0-1

[Event "Sveins 6. Minneturnering"]
[Site "Oslo"]
[Date "2013.06.21"]
[Round "7"]
[White "Djurhuus, Rune"]
[Black "Aulin-Jansson, Jøran"]
[Result "1/2-1/2"]
[WhiteElo "2455"]
[BlackElo "2222"]
[PlyCount "84"]
[EventDate "2013.??.??"]

1. e4 c6 2. Ne2 d5 3. e5 Bf5 4. Ng3 Bg6 5. h4 h5 6. Be2 e6 7. d4 c5 8. c3 Nc6
9. dxc5 Bxc5 10. Qa4 Nge7 11. Nd2 Qc7 12. Nf3 O-O-O 13. Bf4 d4 14. b4 Bb6 15.
cxd4 Nxd4 16. O-O Kb8 17. Nxd4 Rxd4 18. Rac1 Nc6 19. Rc4 Rxf4 20. Rxf4 Qxe5 21.
b5 Nd4 22. Rxd4 Qxd4 23. Qxd4 Bxd4 24. Rc1 Bf6 25. Rc4 Rc8 26. Rxc8+ Kxc8 27.
Nxh5 Bxh4 28. Nxg7 Kc7 29. a4 b6 30. Bd1 Kd6 31. g4 Kc5 32. f4 Kb4 33. f5 exf5
34. Nxf5 Bf6 35. Kf2 Be5 36. Ne7 Bd4+ 37. Kf3 Bb1 38. Nc6+ Kc4 39. Nxa7 Ba2 40.
Nc6 Bc3 41. Ke4 Bb1+ 42. Kf4 f6
1/2-1/2

[Event "Sveins 6. Minneturnering"]
[Site "Oslo"]
[Date "2013.06.21"]
[Round "7"]
[White "Christiansen, Johan-Sebastian"]
[Black "Kvisvik, Brede Alex."]
[Result "1-0"]
[WhiteElo "2086"]
[BlackElo "2312"]
[PlyCount "73"]
[EventDate "2013.??.??"]

1. c4 e5 2. Nc3 Nf6 3. g3 d5 4. cxd5 Nxd5 5. Bg2 Nb6 6. Nf3 Nc6 7. O-O Be7 8.
a3 O-O 9. b4 Be6 10. d3 f6 11. Bb2 a5 12. b5 Nd4 13. Nxd4 exd4 14. Na4 Qd7 15.
Nxb6 cxb6 16. Qd2 Bd5 17. Qf4 Bxg2 18. Kxg2 Bc5 19. a4 Rfe8 20. Qf3 Re5 21. e4
Rc8 22. Rac1 Rf8 23. Qd1 Qf7 24. Rc4 Rd8 25. Qa1 Qd7 26. f4 Re7 27. f5 g5 28.
fxg6 hxg6 29. Rxf6 Rh7 30. Rc2 Be7 31. Qa2+ Kh8 32. Rf7 Qh3+ 33. Kg1 Qg4 34.
Rxh7+ Kxh7 35. Qf7+ Kh8 36. Rf2 Qg5 37. Bxd4+
1-0

[Event "Sveins 6. Minneturnering"]
[Site "Oslo"]
[Date "2013.06.21"]
[Round "7"]
[White "Johansen, Stian"]
[Black "Salomon, Johan"]
[Result "0-1"]
[WhiteElo "2081"]
[BlackElo "2229"]
[PlyCount "58"]
[EventDate "2013.??.??"]

1. e4 c5 2. Nf3 d6 3. d4 cxd4 4. Nxd4 Nf6 5. Nc3 a6 6. Bg5 e5 7. Nf3 Be7 8. Bc4
Be6 9. Bxe6 fxe6 10. a4 O-O 11. Qe2 Qc7 12. O-O Nbd7 13. h3 Rac8 14. Rfd1 Rfd8
15. Rd2 Qb6 16. Ra3 Nc5 17. Be3 Nfd7 18. Ra2 Qc6 19. Bg5 Bxg5 20. Nxg5 h6 21.
Nf3 Nf6 22. Qc4 Nfxe4 23. Re2 Nxc3 24. Qxc3 Nd7 25. Qa3 Nf6 26. Ra1 Qc5 27. Qb3
Qc4 28. Qe3 Nd5 29. Qd2 Nf4
0-1

[Event "Sveins 6. Minneturnering"]
[Site "Oslo"]
[Date "2013.06.21"]
[Round "7"]
[White "Westerinen, Heikki M.J."]
[Black "Hansen, Lars-Henrik Bech"]
[Result "1/2-1/2"]
[WhiteElo "2318"]
[BlackElo "2045"]
[PlyCount "26"]
[EventDate "2013.??.??"]

1. e4 d6 2. d4 Nf6 3. Nc3 g6 4. h3 Bg7 5. Be3 c6 6. a4 Nbd7 7. Nf3 O-O 8. Be2
e5 9. dxe5 dxe5 10. Nd2 Qe7 11. Nc4 Ne8 12. Qd2 f5 13. f3 Ndf6
1/2-1/2

[Event "Sveins 6. Minneturnering"]
[Site "Oslo"]
[Date "2013.06.21"]
[Round "7"]
[White "Østby, Martin Bergsjø"]
[Black "Grønn, Atle"]
[Result "0-1"]
[WhiteElo "1872"]
[BlackElo "2368"]
[PlyCount "34"]
[EventDate "2013.??.??"]

1. e4 c5 2. Nf3 Nc6 3. d4 cxd4 4. Nxd4 Nf6 5. Nc3 d6 6. Be2 g6 7. O-O Bg7 8.
Be3 O-O 9. h3 a6 10. a4 Bd7 11. Nb3 Na5 12. Nxa5 Qxa5 13. Qd2 Rfc8 14. Rfd1 Qb4
15. Nd5 Qxd2 16. Rxd2 Nxd5 17. exd5 Bxb2
0-1

[Event "Sveins 6. Minneturnering"]
[Site "Oslo"]
[Date "2013.06.21"]
[Round "7"]
[White "Moseng, Geir"]
[Black "Kjøita, Henning Jakhelln"]
[Result "0-1"]
[WhiteElo "2068"]
[BlackElo "2032"]
[PlyCount "68"]
[EventDate "2013.??.??"]

1. d4 c5 2. d5 Nf6 3. c4 d6 4. Nc3 g6 5. e4 Bg7 6. Nge2 O-O 7. Ng3 Na6 8. Be2
Nc7 9. O-O a6 10. Be3 Rb8 11. a4 Bd7 12. Qd2 b5 13. axb5 axb5 14. b3 Ng4 15.
Bxg4 Bxg4 16. Rac1 bxc4 17. bxc4 Rb4 18. Nd1 Qa8 19. Bh6 Bxh6 20. Qxh6 Bxd1 21.
Rfxd1 Rfb8 22. Nf5 gxf5 23. Rd3 Rb3 24. Qg5+ Kf8 25. Qh6+ Ke8 26. Rxb3 Rxb3 27.
Qxh7 Qa3 28. Rf1 Rc3 29. Qxf5 Kd8 30. Qxf7 Rc1 31. Qf8+ Ne8 32. g3 Rxf1+ 33.
Kxf1 Qd3+ 34. Kg1 Qb1+
0-1

[Event "Sveins 6. Minneturnering"]
[Site "Oslo"]
[Date "2013.06.21"]
[Round "7"]
[White "Haug, Johannes"]
[Black "Mihajlov, Svetoslav"]
[Result "0-1"]
[WhiteElo "2050"]
[BlackElo "2055"]
[PlyCount "58"]
[EventDate "2013.??.??"]

1. c4 e5 2. Nc3 Nf6 3. Nf3 Nc6 4. d4 exd4 5. Nxd4 Bb4 6. Bg5 O-O 7. Rc1 h6 8.
Bh4 Ne5 9. e3 Ng6 10. Bg3 Ne4 11. Bd3 Bxc3+ 12. bxc3 Nxg3 13. hxg3 Ne5 14. Bb1
d6 15. f4 Ng4 16. e4 f5 17. O-O Ne3 18. Qd3 Nxf1 19. Rxf1 g6 20. exf5 Bxf5 21.
Nxf5 Rxf5 22. g4 Rf6 23. Rf3 Qe8 24. f5 Qe1+ 25. Rf1 Qe5 26. fxg6 Rxf1+ 27.
Kxf1 Rf8+ 28. Kg1 Qe1+ 29. Kh2 Rf1
0-1

[Event "Sveins 6. Minneturnering"]
[Site "Oslo"]
[Date "2013.06.21"]
[Round "7"]
[White "Surender, Anil"]
[Black "Kjøita, Torgeir Jakhelln"]
[Result "0-1"]
[WhiteElo "2021"]
[BlackElo "1911"]
[PlyCount "60"]
[EventDate "2013.??.??"]

1. d4 Nf6 2. c4 c5 3. d5 e6 4. Nc3 exd5 5. cxd5 d6 6. e4 g6 7. f4 Bg7 8. Nf3
O-O 9. Bd3 Bg4 10. h3 Bxf3 11. Qxf3 a6 12. a4 Nbd7 13. O-O Qc7 14. Be3 Rab8 15.
Rad1 c4 16. Bc2 b5 17. axb5 axb5 18. g4 b4 19. Ne2 Rfe8 20. Bd4 Nc5 21. Ng3 b3
22. Bb1 Na4 23. f5 g5 24. Rf2 Rbc8 25. Ne2 Qe7 26. h4 Nxe4 27. Bxg7 Nxf2 28. f6
Qxe2 29. Qxe2 Rxe2 30. hxg5 Nxd1
0-1

[Event "Sveins 6. Minneturnering"]
[Site "Oslo"]
[Date "2013.06.21"]
[Round "7"]
[White "Rødvik, Trym Daniel"]
[Black "Machlik, Endre"]
[Result "1-0"]
[WhiteElo "1891"]
[BlackElo "1650"]
[PlyCount "57"]
[EventDate "2013.??.??"]

1. e4 c6 2. d4 d5 3. e5 e6 4. Bd3 c5 5. c3 Nc6 6. Nf3 Bd7 7. O-O Qb6 8. dxc5
Bxc5 9. b4 Be7 10. Na3 a6 11. Be3 Qc7 12. Qd2 Rc8 13. Rab1 b5 14. Nc2 Nb8 15.
Rb3 Bc6 16. Ncd4 Nd7 17. a4 bxa4 18. Ra3 Qb7 19. Qe2 Ra8 20. Rfa1 Nb6 21. Nxc6
Qxc6 22. Bxb6 Qxb6 23. Rxa4 Nh6 24. Bb5+ Kf8 25. Rxa6 Rxa6 26. Rxa6 Qb7 27. Bc6
Qc7 28. Ra8+ Bd8 29. Qa6
1-0

[Event "Sveins 6. Minneturnering"]
[Site "Oslo"]
[Date "2013.06.21"]
[Round "7"]
[White "Olsen, Ulrik"]
[Black "Kjølberg, Jens Hjorth"]
[Result "0-1"]
[WhiteElo "1733"]
[BlackElo "2011"]
[PlyCount "54"]
[EventDate "2013.??.??"]

1. e4 e6 2. d4 d5 3. Nd2 Nf6 4. e5 Nfd7 5. Bd3 c5 6. c3 Nc6 7. Ne2 cxd4 8. cxd4
f6 9. exf6 Nxf6 10. O-O Bd6 11. Nf3 Qc7 12. Ng3 O-O 13. Bg5 Bd7 14. Rc1 Qb6 15.
Qc2 Nb4 16. Qd2 Nxd3 17. Qxd3 Bb5 18. Qe3 Bxg3 19. fxg3 Bxf1 20. Rxf1 Ne4 21.
Bf4 Qxb2 22. Rc1 Rac8 23. Rxc8 Rxc8 24. h3 Rc2 25. Nh4 Re2 26. Qf3 Qxd4+ 27.
Kh2 Re1
0-1

[Event "Sveins 6. Minneturnering"]
[Site "Oslo"]
[Date "2013.06.21"]
[Round "7"]
[White "Amarapala, Sherington"]
[Black "Bue, Gunnar"]
[Result "1-0"]
[WhiteElo "1738"]
[BlackElo "1683"]
[PlyCount "81"]
[EventDate "2013.??.??"]

1. e4 d6 2. d4 Nf6 3. Nc3 g6 4. Bg5 Bg7 5. f4 O-O 6. Nf3 c6 7. Be2 b5 8. a3
Nbd7 9. O-O Bb7 10. b4 a6 11. Qd2 c5 12. d5 cxb4 13. axb4 Rc8 14. Bd3 Ng4 15.
Ra3 Qb6+ 16. Kh1 Bxc3 17. Rxc3 Rxc3 18. Qxc3 Nf2+ 19. Rxf2 Qxf2 20. Bh6 f6 21.
Bxf8 Nxf8 22. Qc7 Bxd5 23. exd5 Qe3 24. Qc8 Qc1+ 25. Ng1 Qxf4 26. Qxa6 Qxb4 27.
Qxb5 Qe1 28. Qc4 Kg7 29. Qe4 Qxe4 30. Bxe4 e5 31. dxe6 Nxe6 32. Nf3 f5 33. Bd5
Nf4 34. c4 h6 35. g3 Nd3 36. Kg1 Nb4 37. Nd4 Kf6 38. Kf2 Nxd5 39. cxd5 Ke5 40.
Nc6+ Kxd5 41. Ne7+ 1-0

[Event "Sveins 6. Minneturnering"]
[Site "Oslo"]
[Date "2013.06.21"]
[Round "7"]
[White "Ellingsrud, Bjørn"]
[Black "Eriksen, Dag"]
[Result "0-1"]
[WhiteElo "1629"]
[BlackElo "1735"]
[PlyCount "56"]
[EventDate "2013.??.??"]

1. e4 Nf6 2. Nc3 e5 3. Nf3 Nc6 4. Bc4 Nxe4 5. Nxe4 d5 6. Bxd5 Qxd5 7. Nc3 Qa5
8. h3 Be6 9. O-O f6 10. a3 O-O-O 11. d3 g5 12. Be3 Nd4 13. Bxd4 exd4 14. Ne2 g4
15. Nfxd4 Bd7 16. h4 Qh5 17. g3 Bh6 18. f4 gxf3 19. Nxf3 Bh3 20. Rf2 Be3 21.
Nf4 Qg4 22. Nxh3 Qxg3+ 23. Kf1 Qxh3+ 24. Rg2 Rhg8 25. Ne1 Rg3 26. Ke2 Re8 27.
Rxg3 Qxg3 28. d4 Bxd4+
0-1

[Event "Sveins 6. Minneturnering"]
[Site "Oslo"]
[Date "2013.06.21"]
[Round "8"]
[White "Bekker-Jensen, Simon"]
[Black "Hebden, Mark L"]
[Result "1/2-1/2"]
[WhiteElo "2419"]
[BlackElo "2548"]
[PlyCount "127"]
[EventDate "2013.??.??"]

1. d4 Nf6 2. c4 g6 3. Nc3 Bg7 4. e4 d6 5. f3 O-O 6. Be3 c5 7. Nge2 Nc6 8. d5
Na5 9. Ng3 e6 10. Be2 exd5 11. cxd5 Re8 12. O-O a6 13. Qd2 b5 14. Rac1 b4 15.
Nd1 Bd7 16. Bh6 Bh8 17. Ne3 Bb5 18. Rfe1 Nd7 19. Kh1 Qf6 20. b3 Qd4 21. Nd1
Qxd2 22. Bxd2 h5 23. Nf2 Bd4 24. Nh3 Ne5 25. Nf1 Nb7 26. Be3 Bc3 27. Bd2 Bb2
28. Rc2 Bd4 29. Be3 Bc3 30. Bd2 Bxd2 31. Nxd2 Bxe2 32. Rxe2 a5 33. f4 Ng4 34.
Nc4 a4 35. g3 axb3 36. axb3 Ra1+ 37. Kg2 Rb1 38. Nd2 Rd1 39. Ra2 Nf6 40. Nf2
Rc1 41. Nc4 Rc3 42. Ra7 Rb8 43. Rd2 Ne8 44. Nd1 Rc1 45. e5 dxe5 46. d6 Nf6 47.
d7 Nd8 48. Rc7 exf4 49. Rc8 Nxd7 50. Rxb8 Nxb8 51. Rxd8+ Kg7 52. Rxb8 Rxd1 53.
gxf4 Rd4 54. Rc8 Rxf4 55. Rxc5 Rg4+ 56. Kf3 Rh4 57. Kg2 Rg4+ 58. Kh1 h4 59. Rb5
h3 60. Rxb4 Rd4 61. Kg1 Rg4+ 62. Kh1 Rd4 63. Kg1 Rg4+ 64. Kh1 1/2-1/2

[Event "Sveins 6. Minneturnering"]
[Site "Oslo"]
[Date "2013.06.21"]
[Round "8"]
[White "Hillarp, Tiger"]
[Black "Getz, Nicolai"]
[Result "1-0"]
[WhiteElo "2517"]
[BlackElo "2359"]
[PlyCount "79"]
[EventDate "2013.??.??"]

1. d4 Nf6 2. c4 e6 3. Nc3 Bb4 4. Qc2 O-O 5. a3 Bxc3+ 6. Qxc3 d5 7. cxd5 Ne4 8.
Qc2 exd5 9. e3 Bf5 10. Bd3 Bg6 11. Ne2 Nd6 12. Bxg6 hxg6 13. Nf4 c6 14. h4 Qd7
15. f3 Na6 16. Kf2 Rac8 17. Bd2 Rfe8 18. Rae1 Nc4 19. Bc1 c5 20. Qd3 Nb6 21. g4
cxd4 22. exd4 Rxe1 23. Rxe1 Nc7 24. h5 gxh5 25. gxh5 Re8 26. Rg1 Qe7 27. Rh1
Ne6 28. h6 g6 29. h7+ Kg7 30. Qe3 Nc4 31. Nxe6+ Kh8 32. Qg5 Qxe6 33. Bf4 f6 34.
Qxg6 Nxb2 35. Bh6 Re7 36. Bg7+ Rxg7 37. Qxg7+ Kxg7 38. h8=Q+ Kf7 39. Rh7+ Kg6
40. Qg7+ 1-0

[Event "Sveins 6. Minneturnering"]
[Site "Oslo"]
[Date "2013.06.21"]
[Round "8"]
[White "Ziska, Helgi Dam"]
[Black "Tari, Aryan"]
[Result "1/2-1/2"]
[WhiteElo "2474"]
[BlackElo "2354"]
[PlyCount "127"]
[EventDate "2013.??.??"]

1. e4 c6 2. Nc3 d5 3. Nf3 Bg4 4. h3 Bxf3 5. Qxf3 e6 6. d3 g6 7. h4 h5 8. Bg5
Be7 9. Bxe7 Qxe7 10. d4 Nf6 11. O-O-O Nbd7 12. g3 O-O-O 13. exd5 Nxd5 14. Ne4
N7f6 15. Ng5 Rd7 16. Bh3 Nh7 17. Ne4 Nhf6 18. Nc5 Rd6 19. Rhe1 Kb8 20. Nd3 Nb6
21. Ne5 Rhd8 22. Qa3 Qc7 23. Qf3 Qe7 24. Qa3 Qc7 25. Rd3 Nc8 26. c3 Ng8 27.
Red1 Nh6 28. R1d2 Nf5 29. Bg2 Nb6 30. Rd1 f6 31. Nxg6 c5 32. Qxc5 Qxc5 33. dxc5
Rxd3 34. Rxd3 Rxd3 35. cxb6 Rd6 36. bxa7+ Kxa7 37. Nf4 Ng7 38. Bf3 Ra6 39. Nxh5
Nxh5 40. Bxh5 Rxa2 41. Bf7 Ra1+ 42. Kd2 e5 43. Bd5 f5 44. Be6 f4 45. g4 Rb1 46.
f3 e4 47. fxe4 Rxb2+ 48. Ke1 f3 49. h5 Rh2 50. Kf1 Kb6 51. Kg1 Rg2+ 52. Kf1 Rh2
53. Bf7 Rg2 54. e5 Kc5 55. Be6 Rh2 56. Bc8 Kd5 57. e6 Kd6 58. Bxb7 Kxe6 59.
Bxf3 Rc2 60. Be4 Rxc3 61. g5 Rg3 62. g6 Kf6 63. h6 Rxg6 64. Bxg6 1/2-1/2

[Event "Sveins 6. Minneturnering"]
[Site "Oslo"]
[Date "2013.06.21"]
[Round "8"]
[White "Danielsen, Henrik"]
[Black "Christiansen, Johan-Sebastian"]
[Result "1-0"]
[WhiteElo "2508"]
[BlackElo "2086"]
[PlyCount "83"]
[EventDate "2013.??.??"]

1. d4 Nf6 2. Nf3 d5 3. g3 g6 4. Bg2 Bg7 5. c4 c6 6. Qb3 O-O 7. O-O dxc4 8. Qxc4
Be6 9. Qa4 Nbd7 10. Nc3 Nb6 11. Qc2 Qc8 12. e4 Bh3 13. a4 Bxg2 14. Kxg2 Re8 15.
Rd1 Nbd7 16. Bf4 Nh5 17. Bg5 e5 18. d5 cxd5 19. Rxd5 Nb6 20. Rd3 h6 21. Be3
Nf4+ 22. Bxf4 exf4 23. Rad1 fxg3 24. hxg3 Qc5 25. Nd2 Rac8 26. Qb3 Bxc3 27.
Rxc3 Qe5 28. Rf3 Re7 29. Rd3 Qe6 30. Qxe6 Rxe6 31. b3 Re7 32. f4 Rc2 33. Kf3
Nd7 34. b4 Nb6 35. e5 Re8 36. Ne4 Kg7 37. a5 Na4 38. Rd8 Rc8 39. Rxe8 Rxe8 40.
Rd7 b6 41. Nd6 Rf8 42. e6 1-0

[Event "Sveins 6. Minneturnering"]
[Site "Oslo"]
[Date "2013.06.21"]
[Round "8"]
[White "Østmoe, Geir Sune Tallaksen"]
[Black "Hoi, Carsten"]
[Result "1-0"]
[WhiteElo "2444"]
[BlackElo "2392"]
[PlyCount "73"]
[EventDate "2013.??.??"]

1. d4 Nf6 2. c4 g6 3. g3 Bg7 4. Bg2 O-O 5. Nc3 d6 6. Nf3 Nc6 7. O-O e5 8. d5
Ne7 9. e4 Nd7 10. Ne1 b6 11. Nd3 a5 12. f4 Ba6 13. Nb5 exf4 14. Bxf4 h6 15. Rc1
Nc5 16. Nxc5 bxc5 17. e5 dxe5 18. Be3 Bxb5 19. cxb5 Nf5 20. Bxc5 Nd6 21. a4 f5
22. Bf2 e4 23. Rc6 f4 24. gxf4 Rxf4 25. Bg3 Rxf1+ 26. Qxf1 Qg5 27. b6 Qxd5 28.
Qc1 Nf5 29. Bxc7 Kh7 30. b7 Nd4 31. bxa8=Q Ne2+ 32. Kh1 Nxc1 33. Qa6 Nd3 34.
Rxg6 Nf2+ 35. Kg1 Qd4 36. Rxg7+ Kxg7 37. Be5+ 1-0

[Event "Sveins 6. Minneturnering"]
[Site "Oslo"]
[Date "2013.06.21"]
[Round "8"]
[White "Salomon, Johan"]
[Black "Djurhuus, Rune"]
[Result "0-1"]
[WhiteElo "2229"]
[BlackElo "2455"]
[PlyCount "100"]
[EventDate "2013.??.??"]

1. e4 c5 2. Nf3 Nc6 3. d4 cxd4 4. Nxd4 Nf6 5. Nc3 d6 6. Bg5 a6 7. Qd2 Bd7 8.
O-O-O b5 9. Nxc6 Bxc6 10. f3 e6 11. g4 Be7 12. h4 Qc7 13. Kb1 b4 14. Ne2 d5 15.
e5 Ng8 16. Nd4 Bd7 17. Be3 Bc5 18. f4 Ne7 19. Bd3 Qb6 20. Qf2 Nc6 21. Be2 Nxd4
22. Bxd4 Bxd4 23. Qxd4 Qxd4 24. Rxd4 a5 25. Rf1 g6 26. f5 gxf5 27. gxf5 exf5
28. Rxd5 Rg8 29. b3 Ke7 30. Bd3 Ra7 31. Kb2 Be6 32. Rd4 Rg4 33. Rxg4 fxg4 34.
Bxh7 Ra8 35. Bf5 Rh8 36. Bxe6 Kxe6 37. Rf6+ Kxe5 38. Rxf7 Rxh4 39. Rg7 Kf4 40.
Rf7+ Ke3 41. Rg7 Kf3 42. Rf7+ Kg2 43. a3 g3 44. c3 Kh3 45. Rf3 Kg4 46. Rxg3+
Kxg3 47. cxb4 axb4 48. axb4 Kf4 49. Ka3 Ke5 50. Ka4 Kd6
0-1

[Event "Sveins 6. Minneturnering"]
[Site "Oslo"]
[Date "2013.06.21"]
[Round "8"]
[White "Gonzalez, Francisco Silva"]
[Black "Grønn, Atle"]
[Result "0-1"]
[WhiteElo "2050"]
[BlackElo "2368"]
[PlyCount "42"]
[EventDate "2013.??.??"]

1. d4 e6 2. c4 f5 3. Nc3 Nf6 4. Nf3 Bb4 5. Qc2 O-O 6. a3 Bxc3+ 7. Qxc3 a5 8. b3
b6 9. Bf4 Bb7 10. e3 Ne4 11. Qc2 d6 12. Bd3 Nd7 13. h4 Qe7 14. Rh2 e5 15. dxe5
dxe5 16. Bg5 Nxg5 17. Nxg5 e4 18. Be2 Qe5 19. O-O-O Nc5 20. Rhh1 Qa1+ 21. Qb1
Qc3+
0-1

[Event "Sveins 6. Minneturnering"]
[Site "Oslo"]
[Date "2013.06.21"]
[Round "8"]
[White "Mihajlov, Svetoslav"]
[Black "Fernandez Siles, Luis"]
[Result "1/2-1/2"]
[WhiteElo "2055"]
[BlackElo "2285"]
[PlyCount "146"]
[EventDate "2013.??.??"]

1. d4 e6 2. c4 Nf6 3. Nc3 c5 4. d5 exd5 5. cxd5 d6 6. Bf4 a6 7. a4 g6 8. Nf3
Bg7 9. Nd2 Nh5 10. Be3 O-O 11. Nc4 Re8 12. Qd2 Qc7 13. g3 Nd7 14. Bg2 Rb8 15.
a5 b5 16. axb6 Nxb6 17. Na5 Bd7 18. O-O Nf6 19. h3 Bb5 20. Nxb5 axb5 21. Qd3 c4
22. Bxb6 Qxb6 23. Qc2 Ra8 24. Nc6 Rxa1 25. Rxa1 Nd7 26. Ra2 Nc5 27. Bf3 Nb3 28.
Kg2 h5 29. h4 Bf6 30. e3 Nc5 31. Nb4 Kg7 32. Ra3 Qb7 33. Qb1 Ra8 34. Qa2 Ra4
35. Rxa4 Nxa4 36. b3 Nb2 37. Be4 Qb6 38. Nc2 Nd1 39. Bf3 Nc3 40. Qa3 Nb1 41.
Qc1 Nc3 42. Qa3 cxb3 43. Qxb3 Qc5 44. Nb4 Na4 45. Be2 Nc3 46. Bd3 Bd8 47. Nc6
Bb6 48. Nd4 b4 49. Bc4 Ne4 50. Nc6 Ba5 51. Qa2 Bb6 52. Qb2+ Nc3 53. Qxb4 Qxb4
54. Nxb4 Kf6 55. Nc6 Ne4 56. Bd3 Nc5 57. Bc2 Nd7 58. Kf3 Ne5+ 59. Ke2 Ng4 60.
Bd3 Bc5 61. Ba6 Kg7 62. Bc8 Nf6 63. Ba6 Nxd5 64. Bc4 Nc7 65. Ne7 Ne6 66. Nd5
Nd8 67. f4 Nc6 68. Kf3 Nb4 69. Nxb4 Bxb4 70. Bd5 Be1 71. e4 f6 72. Be6 Bc3 73.
Bd5 Be1 1/2-1/2